=LDR 00000nam 2200000 4500 =001 000240 =005 20250710120449 =035 ##$$a 0010-0725000066 =007 ta =008 250710################a##########0#ind## =020 ##$$a 978-602-244-272-1 =100 #$$a Tyas =245 1#$$a Abdul dan harimau /$c Tyas widjajati =250 ##$$a Cetakan pertama =260 ##$$a Tanggerang :$b Pusat Perbukuan,$c 2019 =300 ##$$a 48 : $b Ilus. ; $c 40 cm =700 #$$a Dinni =856 ##$$a Tbm as-suhada